[Event "IND-chT (Women) 22nd"]
[Site "Ahmedabad"]
[Date "2025.03.11"]
[Round "7.1"]
[White "Aishani, Pathak"]
[Black "Mudaliar, Nandini"]
[Result "1-0"]
[WhiteElo "1772"]
[BlackElo "1681"]
[PlyCount "91"]
[EventDate "2025.03.05"]
[EventType "team-swiss"]
[EventRounds "7"]
[EventCountry "IND"]
[SourceTitle "CB12_2025"]
[SourceDate "2025.03.19"]
[SourceVersion "1"]
[SourceVersionDate "2025.03.19"]
[SourceQuality "1"]
[WhiteTeam "Uttar Pradesh (W)"]
[BlackTeam "Gujarat (W)"]
[WhiteTeamCountry "IND"]
[BlackTeamCountry "IND"]

1. d4 d5 2. c4 c6 3. cxd5 cxd5 4. Nc3 Nf6 5. Bf4 Bf5 6. Qb3 Qd7 7. e3 a6 8. Na4 Qd8 9. Qxb7 Nbd7 10. Bc7 Qc8 11. Qxc8+ Rxc8 12. Ba5 Rc6 13. Nf3 e6 14. Be2 Bd6 15. 0-0 0-0 16. b4 Rfc8 17. Nc5 Nxc5 18. dxc5 Bb8 19. Nd4 Ne4 20. Nxc6 Rxc6 21. Bd3 Nd2 22. Bxf5 Nxf1 23. Rxf1 exf5 24. Rd1 Bc7 25. Bxc7 Rxc7 26. Rxd5 g6 27. Kf1 Kg7 28. Ke2 Kf8 29. Kd3 Ke7 30. Kc4 h5 31. Rd6 Ra7 32. a4 h4 33. Rd4 g5 34. c6 Ke6 35. Kc5 f6 36. Kb6 Re7 37. c7 Re8 38. Rd8 Ke7 39. Rxe8+ Kxe8 40. c8Q+ Kf7 41. Kc6 Kg6 42. Kd6 g4 43. Qg8+ Kh6 44. Ke6 f4 45. Kxf6 Kh5 46. Qh7# 1-0

[Event "IND-chT (Women) 22nd"]
[Site "Ahmedabad"]
[Date "2025.03.09"]
[Round "5.1"]
[White "Mudaliar, Nandini"]
[Black "Gorli, Nyna"]
[Result "1-0"]
[WhiteElo "1681"]
[BlackElo "1863"]
[PlyCount "84"]
[EventDate "2025.03.05"]
[EventType "team-swiss"]
[EventRounds "7"]
[EventCountry "IND"]
[SourceTitle "CB12_2025"]
[SourceDate "2025.03.19"]
[SourceVersion "1"]
[SourceVersionDate "2025.03.19"]
[SourceQuality "1"]
[WhiteTeam "Gujarat (W)"]
[BlackTeam "Andhra Pradesh (W) II"]
[WhiteTeamCountry "IND"]
[BlackTeamCountry "IND"]

1. d4 Nf6 2. c4 e6 3. Nf3 d5 4. e3 Bb4+ 5. Bd2 Be7 6. Nc3 0-0 7. Bd3 b6 8. cxd5 exd5 9. 0-0 Bb7 10. Rc1 Nbd7 11. Ne5 c5 12. f4 Ne4 13. Nxe4 dxe4 14. Bb5 Nxe5 15. dxe5 a6 16. Be2 Bd5 17. b3 f5 18. exf6 Bxf6 19. Bc3 Kh8 20. Bg4 Bxc3 21. Rxc3 Qf6 22. Rc2 Rfd8 23. Rd2 Bc6 24. Rff2 Bb5 25. a4 Bd3 26. Qc1 Rd5 27. h3 Rad8 28. Kh2 h6 29. Rb2 Rb8 30. Rfd2 b5 31. Be2 Rc8 32. axb5 axb5 33. Bg4 Rb8 34. Ra2 c4 35. bxc4 bxc4 36. Rdb2 Rdd8 37. Rxb8 Rxb8 38. Ra7 c3 39. Qa3 c2 40. Rc7 Kh7 41. Qa7 Rb5 42. Bd7 Rd5 1-0

[Event "IND-chT (Women) 22nd"]
[Site "Ahmedabad"]
[Date "2025.03.05"]
[Round "1.1"]
[White "Padmini, Rout"]
[Black "Mudaliar, Nandini"]
[Result "1-0"]
[WhiteElo "2356"]
[BlackElo "1681"]
[PlyCount "84"]
[EventDate "2025.03.05"]
[EventType "team-swiss"]
[EventRounds "7"]
[EventCountry "IND"]
[SourceTitle "CB12_2025"]
[SourceDate "2025.03.19"]
[SourceVersion "1"]
[SourceVersionDate "2025.03.19"]
[SourceQuality "1"]
[WhiteTeam "Petroleum Sports PB (W)"]
[BlackTeam "Gujarat (W)"]
[WhiteTeamCountry "IND"]
[BlackTeamCountry "IND"]

1. Nf3 d5 2. g3 Nf6 3. Bg2 c5 4. 0-0 Nc6 5. c4 d4 6. e3 Bg4 7. d3 e6 8. h3 Bh5 9. e4 Be7 10. Nbd2 0-0 11. a3 a5 12. g4 Bg6 13. Nh4 e5 14. Nf5 Nd7 15. Nf3 h5 16. g5 f6 17. N3h4 Qe8 18. Nxg6 Qxg6 19. Nh4 Qh7 20. g6 Qh8 21. Bf3 Rfb8 22. Bxh5 Kf8 23. Nf5 Ke8 24. Bg4 Nf8 25. h4 Nxg6 26. Bh5 Qh7 27. Qg4 Kf7 28. Ng3 Rh8 29. f4 exf4 30. Bxf4 Bd8 31. Bd6 Be7 32. e5 Bxd6 33. Bxg6+ Qxg6 34. e6+ Kg8 35. Qxg6 Ne5 36. Qe4 Nc6 37. Nf5 Be5 38. e7 Re8 39. Qd5+ Kh7 40. Qf7 Rxe7 41. Nxe7 Nxe7 42. Qxe7 b6 1-0

[Event "Western Asia-ch U18 Girls"]
[Site "Delhi"]
[Date "2019.09.08"]
[Round "6"]
[White "Jyothsna, L."]
[Black "Mudaliar, Nandini"]
[Result "1-0"]
[WhiteElo "1989"]
[BlackElo "1518"]
[PlyCount "151"]
[EventDate "2019.09.06"]
[EventType "swiss"]
[EventRounds "9"]
[EventCountry "IND"]
[SourceTitle "CBM 192 Extra"]
[Source "Chessbase"]
[SourceDate "2019.11.06"]
[SourceVersion "1"]
[SourceVersionDate "2019.11.06"]
[SourceQuality "1"]

1. d4 Nf6 2. Nf3 e6 3. c4 d5 4. cxd5 exd5 5. Nc3 Bd6 6. Bg5 c6 7. Qc2 Nbd7 8. e3 Qe7 9. Bd3 h6 10. Bh4 Nb6 11. Rc1 Bg4 12. Nd2 g5 13. Bg3 Bxg3 14. hxg3 Be6 15. Nf3 Nfd7 16. Rh2 Bg4 17. Ke2 Qf6 18. Rch1 Kf8 19. Kf1 Kg7 20. Nd2 Rac8 21. b4 Rce8 22. Kg1 Qd6 23. a3 Nf6 24. Nf1 Ra8 25. f3 Be6 26. Qb2 Nc4 27. Bxc4 dxc4 28. Kf2 b5 29. Nd2 a5 30. Nde4 Nxe4+ 31. Nxe4 Qd5 32. Nc3 Qd8 33. Rd1 f6 34. Rhh1 axb4 35. axb4 Qb6 36. Ra1 Qb7 37. Ne4 Qe7 38. Nc5 Bf7 39. e4 Rhd8 40. Qc3 Rh8 41. Rhe1 h5 42. Re2 Rhd8 43. Rxa8 Rxa8 44. d5 Rc8 45. dxc6 Rxc6 46. e5 Kh6 47. f4 gxf4 48. gxf4 fxe5 49. fxe5 Qh4+ 50. Kg1 Rg6 51. e6 Qe7 52. Qh8+ Kg5 53. Qe5+ Kh6 54. Qh8+ Kg5 55. Re5+ Kf4 56. Re4+ Kg5 57. Qe5+ Kh6 58. exf7 Qxf7 59. Qh8+ Qh7 60. Qxh7+ Kxh7 61. Re7+ Rg7 62. Rxg7+ Kxg7 63. Ne4 Kg6 64. Nc3 Kf5 65. Kf2 Kf4 66. Nxb5 Ke4 67. Ke2 Kf4 68. Nc3 Kg3 69. Kf1 Kf4 70. Kf2 h4 71. b5 Ke5 72. Ke3 Kd6 73. Kd4 Kc7 74. Kxc4 Kb6 75. Nd5+ Kb7 76. b6 1-0

[Event "IND-ch (Women) 46th"]
[Site "Managiri"]
[Date "2019.07.25"]
[Round "9"]
[White "Toshali, V."]
[Black "Mudaliar, Nandini"]
[Result "1-0"]
[WhiteElo "1920"]
[BlackElo "1609"]
[PlyCount "99"]
[EventDate "2019.07.19"]
[EventType "swiss"]
[EventRounds "11"]
[EventCountry "IND"]
[SourceTitle "EXT 2020"]
[Source "ChessBase"]
[SourceDate "2019.10.17"]
[SourceVersion "1"]
[SourceVersionDate "2019.10.17"]
[SourceQuality "1"]

1. d4 d5 2. Nf3 Nf6 3. Bf4 e6 4. e3 c6 5. Nbd2 Nbd7 6. Bd3 Be7 7. Ne5 Qb6 8. Rb1 c5 9. c3 Nxe5 10. dxe5 Nd7 11. 0-0 Nf8 12. e4 Ng6 13. Bg3 Bd7 14. Re1 Bc6 15. exd5 Bxd5 16. Nc4 Bxc4 17. Bxc4 Qc6 18. Bd3 Bh4 19. Be4 Qd7 20. Qxd7+ Kxd7 21. Bxh4 Nxh4 22. Bxb7 Rab8 23. Ba6 Rb6 24. Bc4 Kc7 25. Kf1 Ng6 26. Re4 Rd8 27. Bb3 Rbb8 28. Ke2 Rd7 29. Rd1 Rbd8 30. Rxd7+ Rxd7 31. a4 Kc6 32. Bc4 Rb7 33. b3 a5 34. Bb5+ Kd5 35. Re3 Nxe5 36. f4 Ng6 37. Rd3+ Ke4 38. Bc6+ Kf5 39. Bxb7 Nxf4+ 40. Ke3 Nxd3 41. Kxd3 Ke5 42. Kc4 Kd6 43. Kb5 f5 44. Kxa5 e5 45. Kb5 e4 46. Kc4 g5 47. g4 fxg4 48. Bxe4 h5 49. a5 Kc7 50. Kxc5 1-0

[Event "Commonwealth-ch U18 Girls"]
[Site "New Delhi"]
[Date "2019.07.07"]
[Round "7.3"]
[White "Mudaliar, Nandini"]
[Black "Pandey, Srishti"]
[Result "0-1"]
[WhiteElo "1609"]
[BlackElo "1882"]
[PlyCount "68"]
[EventDate "2019.07.01"]
[EventType "swiss"]
[EventRounds "7"]
[EventCountry "IND"]
[SourceTitle "EXT 2024"]
[Source "ChessBase"]
[SourceDate "2023.10.10"]
[SourceVersion "1"]
[SourceVersionDate "2023.10.10"]
[SourceQuality "1"]

1. b3 Nf6 2. Bb2 g6 3. e3 Bg7 4. Nf3 d6 5. Be2 Nbd7 6. d4 0-0 7. 0-0 c6 8. Nbd2 Qc7 9. Re1 a5 10. a4 Nd5 11. Rc1 Rd8 12. Bd3 e5 13. c4 Nb4 14. Bb1 f5 15. Ng5 Nf8 16. Qe2 h6 17. Nh3 g5 18. f3 exd4 19. Bxd4 Bxd4 20. exd4 Qg7 21. Qe3 f4 22. Qf2 Ne6 23. Re4 d5 24. Re5 dxc4 25. Nxc4 Nxd4 26. Qe1 Bxh3 27. Re7 Qf6 28. Bh7+ Kf8 29. Re5 Nd5 30. Qe4 Ne3 31. Nb6 Ne2+ 32. Kf2 Nxc1 33. Re8+ Rxe8 34. Nd7+ Bxd7 0-1

[Event "IND-ch U15 Girls"]
[Site "Jammu"]
[Date "2015.09.21"]
[Round "1"]
[White "Mudaliar, Nandini"]
[Black "Vaishali, Ramesh Babu"]
[Result "0-1"]
[WhiteElo "1416"]
[BlackElo "2314"]
[PlyCount "86"]
[EventDate "2015.09.21"]
[EventType "swiss"]
[EventRounds "11"]
[EventCountry "IND"]
[SourceTitle "EXT 2016"]
[Source "ChessBase"]
[SourceDate "2015.10.08"]
[SourceVersion "1"]
[SourceVersionDate "2015.10.08"]
[SourceQuality "1"]

1. d4 Nf6 2. c4 Nc6 3. Nf3 e6 4. Nc3 Bb4 5. Qc2 d5 6. Bg5 h6 7. Bxf6 Qxf6 8. e3 0-0 9. Be2 dxc4 10. Bxc4 e5 11. d5 e4 12. Nd2 Ne5 13. Ncxe4 Qg6 14. 0-0-0 Bf5 15. f3 Bxd2+ 16. Rxd2 c6 17. d6 Bxe4 18. fxe4 Rad8 19. Rhd1 Rd7 20. Rd4 Rfd8 21. Qc3 Qxg2 22. Bb3 Qxh2 23. R4d2 Qg3 24. Qc5 b6 25. Qc3 Nf3 26. Rd3 Rxd6 27. Rxd6 Rxd6 28. Rxd6 Qxd6 29. Bc4 Ne5 30. Be2 Qc5 31. Kd2 Qxc3+ 32. Kxc3 c5 33. a4 g5 34. b4 g4 35. Bf1 h5 36. bxc5 bxc5 37. a5 h4 38. Kb3 h3 39. Ka4 Nf3 40. e5 Nd2 41. Bb5 h2 42. Bc6 Nf3 43. Kb5 h1Q 0-1